Geografía por Imágenes- I - Estadísticas

Estadísticas generales
  • Esta prueba ha sido intentada 3.726 veces
  • La puntuación promedio es 11 de 18
Estadísticas de respuestas
Imagen Hint Respuesta % Correcto
país India
99%
río Indo
90%
país Israel
90%
país Indonesia
89%
isla Irlanda
87%
isla Ibiza
82%
país Italia
78%
religión Islam
75%
cascadas Cataratas del {Iguazú}
71%
estado de los EE. UU. Illinois
71%
ciudad Indianápolis
58%
país Irán
54%
franja estrecha de tierra Istmo
45%
barrio / playa Ipanema
44%
grupo étnico Inuit
39%
región autónoma Mongolia {Interior}
35%
región Isla de Francia
17%
lago IJsselmeer
10%
No se encontraron pruebas coincidentes
Distribución de puntuación
Porcentaje de gente con cada puntuación
Porcentaje por número respondido
Historial de tus puntuaciones
No has intentado esta prueba.